| 000 | 00955cam a22002778i 4500 | ||
|---|---|---|---|
| 001 | 19632403 | ||
| 005 | 20180220093527.0 | ||
| 008 | 170512m20179999dcu b 001 0 eng | ||
| 010 | _a 2017014790 | ||
| 020 | _a9781433827921 | ||
| 020 | _a1433827921 | ||
| 040 |
_aDLC _beng _erda _cDLC |
||
| 041 | _aeng | ||
| 042 | _apcc | ||
| 080 | _a155.333 JUD | ||
| 082 | 0 | 0 |
_a155.333 JUD _223 |
| 100 | _a49 | ||
| 101 | _aPSI | ||
| 245 | 0 | 0 |
_a psychology of women / _cCheryl B. Travis, PhD, and Jacquelyn W. White, PhD. editors-in-chief, Alexandra Rutherford, PhD, Wendi S. Williams, PhD, Sarah L. Cook, PhD, and Karen Fraser Wyche, PhD, associate editors. |
| 246 | 3 | 0 | _aPsychology of women |
| 263 | _a1111 | ||
| 504 | _aIncludes bibliographical references and index. | ||
| 906 |
_a0 _bvip _corignew _d1 _eecip _f20 _gy-gencatlg |
||
| 942 |
_2ddc _cBK |
||
| 999 |
_c42956 _d42956 |
||